000 00868nas a2200241 4500
001 BR8601400
003 BR-BrBNA
005 20231205090402.0
007 ta
008 230509b bl.|||p| |||| 00| 00por d
040 _aBR-BrBNA
_bpor
_cBiblioteca Nacional de Agricultura
041 _a(Pt)
072 _aL72
100 1 _aGirao, E.S.
245 1 _aTecnica de quatro tamises para o diagnostico coprologico quantitativo da fasciolose dos ruminantes
246 1 _aFaur-sieves technique for the quantitative fecal diagnosis of fasciolosis in ruminants
650 _aRUMINANTE
650 _aFASCIOLOSE
650 _aDIAGNOSTICO
773 0 _tArquivos da Faculdade de Veterinaria da Universidade Federal do Rio Grande do Sul (Brazil)
_xISSN 0101-5230
_g(Dec 1984), v. 12 p. 197-198
_wBR8601400
909 _a202311
_bLúcia
_c55
_dLúcia Elande
942 _2AGRIS
_n0
_cANA
999 _c118058
_d118058